logo

Bir Sreshtho Munshi Abdur Rouf Library
Jhenaidah Cadet College

The black swan : (Record no. 12059)

MARC details
000 -LEADER
fixed length control field 02422nam a22003734a 4500
001 - CONTROL NUMBER
control field 12059
003 - CONTROL NUMBER IDENTIFIER
control field BD-JhCC
005 - DATE AND TIME OF LATEST TRANSACTION
control field 20210309140812.0
008 - FIXED-LENGTH DATA ELEMENTS--GENERAL INFORMATION
fixed length control field 210309s20072010nyua b 001 0 eng
020 ## - INTERNATIONAL STANDARD BOOK NUMBER
International Standard Book Number 9780141034591
024 3# - OTHER STANDARD IDENTIFIER
Standard number or code 9781400063512
035 ## - SYSTEM CONTROL NUMBER
System control number (BD-JhCC)12059
040 ## - CATALOGING SOURCE
Original cataloging agency DLC
Transcribing agency DLC
Modifying agency BAKER
-- BTCTA
-- GK8
-- OCO
-- C#P
-- MYG
-- OrLoB-B
-- BD-JhCC
049 ## - LOCAL HOLDINGS (OCLC)
Holding library MYGG
050 00 - LIBRARY OF CONGRESS CALL NUMBER
Classification number Q375.T35 2007
082 00 - DEWEY DECIMAL CLASSIFICATION NUMBER
Classification number 003/.54
Edition number 22
Item number TAL 2010
100 1# - MAIN ENTRY--PERSONAL NAME
Personal name Taleb, Nassim Nicholas,
Dates associated with a name 1960-
245 14 - TITLE STATEMENT
Title The black swan :
Remainder of title the impact of the highly improbable /
Statement of responsibility, etc. Nassim Nicholas Taleb.
260 ## - PUBLICATION, DISTRIBUTION, ETC.
Place of publication, distribution, etc. New York :
Name of publisher, distributor, etc. Penguin Book,
Date of publication, distribution, etc. c2007.
300 ## - PHYSICAL DESCRIPTION
Extent xxxii, 444 p. :
Other physical details ill. ;
Dimensions 25 cm.
336 ## - CONTENT TYPE
Content type term text
Content type code txt
Source rdacontent
337 ## - MEDIA TYPE
Media type term unmediated
Media type code n
Source rdamedia
338 ## - CARRIER TYPE
Carrier type term volume
Carrier type code nc
Source rdacarrier
504 ## - BIBLIOGRAPHY, ETC. NOTE
Bibliography, etc. note Includes bibliographical references (p. [331]-358) and index.
505 00 - FORMATTED CONTENTS NOTE
Miscellaneous information Pt. 1.
Title Umberto Eco's antilibrary, or how we seek validation --
Miscellaneous information Ch. 1.
Title The apprenticeship of an empirical skeptic --
Miscellaneous information Ch. 2.
Title Yevgenia's black swan --
Miscellaneous information Ch. 3.
Title The speculator and the prostitute --
Miscellaneous information Ch. 4.
Title One thousand and one days, or how not to be a sucker --
Miscellaneous information Ch. 5.
Title Confirmation shmonfirmation! --
Miscellaneous information Ch. 6.
Title The narrative fallacy --
Miscellaneous information Ch. 7.
Title Living in the antechamber of hope --
Miscellaneous information Ch. 8.
Title Glacomo Casanova's unfailing luck : the problem of silent evidence --
Miscellaneous information Ch. 9.
Title The ludic fallacy, or the uncertainty of the nerd --
Miscellaneous information Pt. 2.
Title We just can't predict --
Miscellaneous information Ch. 10.
Title The scandal of prediction --
Miscellaneous information Ch. 11.
Title How to look for bird poop --
Miscellaneous information Ch. 12.
Title Epistemocracy, a dream --
Miscellaneous information Ch. 13.
Title Appelles the painter, or what do you do if you cannot predict? --
Miscellaneous information Pt. 3.
Title Those gray swans of Extremistan --
Miscellaneous information Ch. 14.
Title From Mediocristan to Extremistan, and back --
Miscellaneous information Ch. 15.
Title The bell curve, that great intellectual fraud --
Miscellaneous information Ch. 16.
Title The aesthetics of randomness --
Miscellaneous information Ch. 17.
Title Locke's madmen, or bell curves in the wrong places --
Miscellaneous information Ch. 18.
Title The uncertainty of the phony --
Miscellaneous information Pt. 4.
Title The end --
Miscellaneous information Ch. 19.
Title Half and half, or how to get even with the black swan --
-- Epilogue : Yevgenia's white swans.
650 #0 - SUBJECT ADDED ENTRY--TOPICAL TERM
Topical term or geographic name entry element Uncertainty (Information theory)
General subdivision Social aspects.
650 #0 - SUBJECT ADDED ENTRY--TOPICAL TERM
Topical term or geographic name entry element Forecasting.
910 ## - USER-OPTION DATA (OCLC)
User-option data mjy070521
942 ## - ADDED ENTRY ELEMENTS (KOHA)
Source of classification or shelving scheme Dewey Decimal Classification
Koha item type Books
949 #0 - LOCAL PROCESSING INFORMATION (OCLC)
4 IP
a d
b DEW
c STACK
o 0
p 39080032325117
x 01
h Q375.T35 2007
Holdings
Withdrawn status Lost status Source of classification or shelving scheme Damaged status Not for loan Home library Current library Shelving location Date acquired Cost, normal purchase price Total Checkouts Full call number Barcode Date last seen Copy number Price effective from Koha item type
    Dewey Decimal Classification     JCC Rouf Library JCC Rouf Library General Stacks 03/09/2021 845.00   003/.54 TAL 2010 16571 03/09/2021 C-1 03/09/2021 Books

JCC Library | Contacts | JCC Home

Last Update on 23 September 2017
Copyright @ 2017-2020 JCC Rouf Library
Rouf Library, Jhenidah Cadet College (JCC), Bangladesh